Shiloh and bros videos - Statistics

General Stats
  • This quiz has been taken 6 times
  • The average score is 36 of 80
Answer Stats
Hint Answer % Correct
video 71 dandy's world in real life
83%
video 18 if among us had a jester
83%
video 1 if everything was like among us
83%
video 2 if everything was like among us 2
83%
video 4 if everything was like among us 3
83%
video 5 if everything was like among us 4
83%
video 6 if everything was like among us 5
83%
video 9 if everything was like among us 6
83%
video 11 if everything was like among us 7
83%
video 14 if everything was like among us 8
83%
video 16 if everything was like among us 9
83%
video 15 among us - you choose
67%
video 65 dress to impress in real life
67%
video 72 dress to impress in real life 2
67%
video 36 if among us had 2 players
67%
video 21 if among us had a spy
67%
video 73 if dress to impress was medieval
67%
video 47 if nerf fights had zombies
67%
video 17 mini crewmate
67%
video 64 prop hunt in real life
67%
video 10 red is sus
67%
video 80 99 nights in the forest in real life
50%
video 27 among us christmas
50%
video 39 fall guys in real life
50%
video 31 Friday night funkin in real life
50%
video 78 grow a garden in real life
50%
video 25 if among us had a Halloween mod
50%
video 41 if among us had a mini imposter
50%
video 67 if among us had a phantom
50%
video 63 if among us had monsters
50%
video 26 if among us had zombies
50%
video 30 if among us was pay to win
50%
video 3 if everything was like among us bloopers
50%
video 7 if everything was like among us bloopers 2
50%
video 69 if nerf fights had cave zombies
50%
video 62 if water fights had zombies
50%
video 22 if water fights were like battle royales
50%
video 37 if water fights were like battle royales 2
50%
video 19 Mario kart in real life
50%
video 46 Pokemon in real life
50%
video 74 Roblox murder mystery in real life
50%
video 8 were the greatest crewmates
50%
video 61 clash royale in real life
33%
video 79 Duolingo chess in real life
33%
video 59 escape the maze world
33%
video 32 FNAF security breach in real life
33%
video 23 Fortnite imposters in real life
33%
video 33 if among us had a shapeshifter
33%
video 43 if among us had no chat
33%
video 40 if among us had too many mods
33%
video 75 if among us was dress to impress
33%
video 57 if among us was stranded
33%
video 66 if dress to impress had duos
33%
video 76 if dress to impress was in the apocalypse
33%
video 35 if huggy wuggy was in among us
33%
video 38 if kissy missy was in among us
33%
video 34 if nerf was like video games
33%
video 42 if water fights were battle royales 3
33%
video 12 imposters
33%
video 60 Mario kart in real life 2
33%
video 24 Roblox obby in real life
33%
video 77 roblox theme park tycoon in real life
33%
video 45 survival games in real life
33%
video 28 winter obby Roblox in real life
33%
video 48 among us hide and seek in real life
17%
video 70 battle for the raleos - SEASON FINALE
17%
video 29 bloopers 2021
17%
video 55 doors the lost path
17%
video 52 human chess in real life
17%
video 58 human chess in real life 2
17%
video 50 if among us had way too many mods
17%
video 13 if among us had zero imposters
17%
video 53 if Mario was in among us
17%
video 44 if rainbow friends was in real life
17%
video 51 if water fights had too many mods
17%
video 20 if water fights were like a video game
17%
video 56 Lego Fortnite in real life
17%
video 68 prop hunt in real life *full episode*
17%
video 49 rainbow friends in among us
17%
video 54 rainbow friends in real life: chapter 2
17%
No matching quizzes found
Score Distribution
Percent of People with Each Score
Percentile by Number Answered
Your Score History
You have not taken this quiz